书目信息 |
| 题名: |
人间挺值得
|
|
| 作者: | 鱼好睏 著 | |
| 分册: | ||
| 出版信息: | 南京 江苏凤凰美术出版社 2021.4 |
|
| 页数: | 160页 | |
| 开本: | 20cm | |
| 丛书名: | ||
| 单 册: | ||
| 中图分类: | J218.2 , J228.2 | |
| 科图分类: | ||
| 主题词: | 漫画--绘画技法 , 漫画--中国--现代 | |
| 电子资源: | ||
| ISBN: | 978-7-5580-7843-9 | |
| 000 | 00864nam0 2200277 45 | |
| 001 | 012001000724 | |
| 005 | 20130909134800.0 | |
| 010 | @a978-7-5580-7843-9@dCNY49.80 | |
| 100 | @a20201124d2020 em y0chiy0110 ea | |
| 101 | 0 | @achi |
| 102 | @aCN@b320000 | |
| 105 | @aa t 000yy | |
| 106 | @ar | |
| 200 | 1 | @a人间挺值得@Aren jian ting zhi de@e鱼好睏的萌趣漫画绘@f鱼好睏著 |
| 210 | @a南京@c江苏凤凰美术出版社@d2021.4 | |
| 215 | @a160页@d20cm | |
| 300 | @a其他题名:鱼好睏的萌趣漫画绘 | |
| 330 | @a本书共分为5章,内容包括:善变的线、我的日子萌萌哒、我和我90岁的爷爷、“肥宅漫画渣”的日常、小黄人变装秀。 | |
| 517 | 1 | @a鱼好睏的萌趣漫画绘 |
| 606 | 0 | @a漫画@x绘画技法 |
| 606 | 0 | @a漫画@y中国@z现代 |
| 690 | @aJ218.2@v5 | |
| 690 | @aJ228.2@v5 | |
| 701 | 0 | @a鱼好睏@Ayu hao kun@4著 |
| 801 | @aCN@b江苏凤凰@c20211018 | |
| 905 | @b1340784-7@dJ218.2@e1226@f4 | |
| 人间挺值得:鱼好睏的萌趣漫画绘/鱼好睏著.-南京:江苏凤凰美术出版社,2021.4 |
| 160页;20cm |
| 其他题名:鱼好睏的萌趣漫画绘 |
| ISBN 978-7-5580-7843-9:CNY49.80 |
| 本书共分为5章,内容包括:善变的线、我的日子萌萌哒、我和我90岁的爷爷、“肥宅漫画渣”的日常、小黄人变装秀。 |
| ● |
| 相关链接 |
|
|
|
|
正题名:人间挺值得
索取号:J218.2/1226
 
预约/预借
| 序号 | 登录号 | 条形码 | 馆藏地/架位号 | 状态 | 备注 |
| 1 | 1340784 | 213407847 | 第一样本阅览室/ [索取号:J218.2/1226] | 在馆 | |
| 2 | 1340785 | 213407856 | 第一借阅区/ [索取号:J218.2/1226] | 在馆 | |
| 3 | 1340786 | 213407865 | 第一借阅区/ [索取号:J218.2/1226] | 在馆 | |
| 4 | 1340787 | 213407874 | 第一借阅区/ [索取号:J218.2/1226] | 在馆 |